| 000 | 00685nam a22001937a 4500 | ||
|---|---|---|---|
| 003 | OSt | ||
| 005 | 20260618121859.0 | ||
| 008 | 260618b |||||||| |||| 00| 0 eng d | ||
| 020 | _a9781892989611 | ||
| 040 | _cChuka university library | ||
| 100 |
_aWilson Berry Margaret _930141 |
||
| 245 |
_aThe language of learning _bteaching students core thinking, listening and speaking skills |
||
| 260 |
_aTurners Falls _bNortheast foundation for children,inc _c2014 |
||
| 300 |
_avarious pagings _billustrations |
||
| 650 |
_aLanguage arts-curricula _930142 |
||
| 650 |
_aEducation, elementary--curricula _930143 |
||
| 650 |
_aAcademic achievement--united states _927676 |
||
| 942 |
_2lcc _cBK _n0 |
||
| 999 |
_c24758 _d24758 |
||